000 nam a22 7a 4500
999 _c10834
_d10834
008 180226b ||||| |||| 00| 0 eng d
100 _aDutt, D
_96664
245 _aPathfinders visual arts
260 _aNew Delhi
_bSaga Publication
_c2015